Municipalities of Lambton County, Ontario on a Map - Statistics

General Stats
  • This quiz has been taken 18 times
  • The average score is 6 of 11
Answers on the Map
Answers color-coded by a green-red scale on the quiz's map according to % correct below.
 
Answer Stats
Answer % Correct
Sarnia
100%
Petrolia
71%
Lambton Shores
57%
Oil Springs
57%
Point Edward
57%
Brooke-Alvinston
43%
Dawn-Euphemia
43%
Enniskillen
43%
Plympton-Wyoming
43%
St. Clair
43%
Warwick
43%
No matching quizzes found
Score Distribution
Percent of People with Each Score
Percentile by Number Answered
Your Score History
You have not taken this quiz